Diamond City Characters Fallout 4 - Statistics

General Stats
  • This quiz has been taken 91 times
  • The average score is 15 of 41
Answer Stats
Hint Answer % Correct
Female Companion Piper Wright
87%
Synth Companion Nick Valentine
76%
Paints the wall Abbot
71%
Sales weapons Arturo Rodriguez
65%
Diamond City Radio Travis Miles
60%
Mayor of the town Mayor McDonough
57%
Nuka Cola.... Need Nuka Cola Sheffield
57%
Assistent of Valentine Ellie Perkins
54%
Swatter Swatter Swatter Moe Cronin
54%
Bartender of the Dugout Inn Vadim Bobrov
54%
Sister of Piper Nat Wright
52%
Doctor of the town Doctor Sun
51%
Works for the mayor Geneva
43%
Plastic Surgeon Doc Crocker
41%
Owner of the Diamond City Surplus Myrna
41%
Nan-ni shimasho-ka? Takahashi
38%
Runs the Colonial Taphouse Henry Cooke
35%
Rents Hotelrooms in the Dugout Inn Yefim Bobrov
35%
Robot of Diamond City Surplus Percy
33%
Head of security Danny Sullivan
32%
Married woman can be found at the Colonial Taphouse Darcy Pembroke
32%
Rich woman Ann Codman
30%
Sells purified water Sheng Kowalski
30%
Loves a adventure fought Deathclaws Hawthorne
29%
A man that can be found arguing in the Colonial Taphouse Paul Pembroke
29%
Runs the clothing shop Becky Fallon
25%
Sells meat Polly
25%
Barber of the town John
24%
Sells drugs (Jet,Stimpaks,Med-X etc.) Solomon
24%
Son of #18 Nelson Latimer
22%
Works for the Dugout Inn Scarlett
22%
Rich man works with the Triggerman Malcolm Latimer
21%
Robot in the upper stands Wellingham
21%
Found at the Science Centre Doctor Duff
13%
Can be a professor for the BoS Professor Scara
13%
Runs the barber shop with her son Cathy
11%
Male teacher Mister Zwicky
11%
Pastor of the town Pastor Clements
11%
Rich man married to #2 Clarence Codman
10%
Old woman loves cats Eustace Hawthorne
10%
Robot Teacher Miss Edna
10%
No matching quizzes found
Score Distribution
Percent of People with Each Score
Percentile by Number Answered
Your Score History
You have not taken this quiz